000 nam a22 7a 4500
999 _c9197
_d9197
008 180417b ||||| |||| 00| 0 eng d
245 _aThe development of story books for early childhood.
260 _aPhilippines:
_bThe Philippine Star,
_cc2017.
300 _apage 6.
650 0 _927446
_aBooks
_xReading
942 _2ddc
_cPER